[Event "GER-ch Net blitz qual3"]
[Site "Playchess.com INT"]
[Date "2021.05.07"]
[Round "5"]
[White "Arndt, Olaf"]
[Black "Neusuess, Willi"]
[Result "1-0"]
[WhiteElo "1852"]
[BlackElo "1414"]
[PlyCount "51"]
[EventDate "2021.05.07"]
[EventType "swiss (blitz)"]
[EventRounds "11"]
[EventCountry "GER"]
[SourceTitle "CBM 202 Extra"]
[Source "ChessBase"]
[SourceDate "2021.07.31"]
[SourceVersion "1"]
[SourceVersionDate "2021.07.31"]
[SourceQuality "1"]

1. e4 e6 2. d4 d6 3. c4 g6 4. Nc3 Bg7 5. Be3 b6 6. Nf3 Bb7 7. Bd3 Nc6 8. 0-0 Qd7 9. a3 Nge7 10. Qd2 0-0-0 11. b4 h5 12. b5 Na5 13. d5 Nb3 14. Qc2 Nxa1 15. Rxa1 exd5 16. cxd5 f6 17. Rc1 Kb8 18. Nd4 Rc8 19. Nc6+ Ka8 20. Ne2 Nxc6 21. bxc6 Bxc6 22. dxc6 Qe6 23. Qa4 a5 24. Qb5 Qe5 25. Qa6+ Kb8 26. Qb7# 1-0

[Event "GER-ch Net blitz qual2"]
[Site "Playchess.com INT"]
[Date "2021.05.04"]
[Round "5"]
[White "Arndt, Olaf"]
[Black "Heiligtag, Matthias"]
[Result "1-0"]
[WhiteElo "1576"]
[BlackElo "1730"]
[PlyCount "45"]
[EventDate "2021.05.04"]
[EventType "swiss (blitz)"]
[EventRounds "11"]
[EventCountry "GER"]
[SourceTitle "CBM 202 Extra"]
[Source "ChessBase"]
[SourceDate "2021.07.31"]
[SourceVersion "1"]
[SourceVersionDate "2021.07.31"]
[SourceQuality "1"]

1. e4 e5 2. Nf3 Nf6 3. Nxe5 d6 4. Nf3 Nxe4 5. d4 d5 6. Bd3 Nc6 7. c4 Bb4+ 8. Nbd2 Nxd2 9. Bxd2 dxc4 10. Bxc4 Bg4 11. Bxb4 Nxb4 12. Qb3 Nc6 13. Bxf7+ Kf8 14. Bd5 Na5 15. Qb4+ Qd6 16. Qxa5 b6 17. Qa3 Bxf3 18. Qxd6+ cxd6 19. Bxf3 Re8+ 20. Kd2 Ke7 21. Rhe1+ Kd7 22. Rac1 a5 23. Bc6+ 1-0

[Event "GER-ch Net blitz qual2"]
[Site "Playchess.com INT"]
[Date "2021.05.04"]
[Round "11"]
[White "Platz, Daniel"]
[Black "Arndt, Olaf"]
[Result "0-1"]
[WhiteElo "1859"]
[BlackElo "1576"]
[PlyCount "28"]
[EventDate "2021.05.04"]
[EventType "swiss (blitz)"]
[EventRounds "11"]
[EventCountry "GER"]
[SourceTitle "CBM 202 Extra"]
[Source "ChessBase"]
[SourceDate "2021.07.31"]
[SourceVersion "1"]
[SourceVersionDate "2021.07.31"]
[SourceQuality "1"]

1. e4 d5 2. exd5 Nf6 3. d4 Nxd5 4. c4 Nb6 5. Nc3 e5 6. dxe5 Qxd1+ 7. Nxd1 Nc6 8. Bf4 Be6 9. Ne3 Bb4+ 10. Kd1 0-0-0+ 11. Kc1 Bd2+ 12. Kc2 Nb4+ 13. Kb3 a5 14. a3 a4# 0-1

[Event "DSOL 01 Liga Gr-A 1st"]
[Site "Playchess.com INT"]
[Date "2020.07.30"]
[Round "6.3"]
[White "Colbow, Collin"]
[Black "Arndt, Olaf"]
[Result "1/2-1/2"]
[WhiteElo "2189"]
[BlackElo "1863"]
[PlyCount "111"]
[EventDate "2020.06.22"]
[EventType "team-tourn (rapid)"]
[EventCountry "GER"]
[SourceTitle "EXT 2021"]
[Source "ChessBase"]
[SourceDate "2020.10.23"]
[SourceVersion "1"]
[SourceVersionDate "2020.10.23"]
[SourceQuality "1"]
[WhiteTeam "Werder Bremen"]
[BlackTeam "Horst Emscher"]
[WhiteTeamCountry "GER"]
[BlackTeamCountry "GER"]

1. g3 f5 2. Bg2 e6 3. d3 d5 4. f4 Nf6 5. Nf3 Bc5 6. e3 Nc6 7. Qe2 0-0 8. Ne5 Bd7 9. Nd2 Be8 10. Ndf3 Bh5 11. Nxc6 bxc6 12. Bd2 Rb8 13. Bc3 Bb4 14. Qd2 Bxf3 15. Bxf3 Qd6 16. a3 Bxc3 17. Qxc3 Rfe8 18. d4 Rb5 19. b4 a5 20. bxa5 Ra8 21. Kd2 Rbxa5 22. Rhb1 Nd7 23. Rb3 c5 24. Be2 cxd4 25. exd4 c5 26. Rb5 Rxb5 27. Bxb5 Nf6 28. Qb2 Ne4+ 29. Ke2 cxd4 30. Qxd4 Rxa3 31. Rxa3 Qxa3 32. Qe5 Qd6 33. Qd4 Qc5 34. Qxc5 Nxc5 35. Ke3 Kf7 36. c4 dxc4 37. Bxc4 Kf6 38. Kd4 Nd7 39. Be2 e5+ 40. fxe5+ Nxe5 41. h4 g6 42. Ke3 h6 43. Kf4 g5+ 44. hxg5+ hxg5+ 45. Ke3 g4 46. Bb5 Nf3 47. Kf4 Ng5 48. Bd7 Nh3+ 49. Ke3 Ke5 50. Bc8 Ng5 51. Kf2 Ne4+ 52. Kg2 Nd6 53. Bd7 Ne4 54. Bc8 Nf6 55. Kf2 Ne4+ 56. Kg2 1/2-1/2

[Event "GER-ch Net Amateur Gr-B Final"]
[Site "Playchess.com INT"]
[Date "2020.04.18"]
[Round "13"]
[White "Arndt, Olaf"]
[Black "Hoppe, Frank"]
[Result "0-1"]
[WhiteElo "1723"]
[BlackElo "1780"]
[PlyCount "80"]
[EventDate "2020.04.18"]
[EventType "swiss (blitz)"]
[EventRounds "13"]
[EventCountry "GER"]
[SourceTitle "CBM 195 Extra"]
[Source "ChessBase"]
[SourceDate "2020.05.31"]
[SourceVersion "1"]
[SourceVersionDate "2020.05.31"]
[SourceQuality "1"]

1. e4 c6 2. d4 d5 3. exd5 cxd5 4. Bd3 Nf6 5. Bf4 Nc6 6. c3 e6 7. Nf3 Bd6 8. Qd2 0-0 9. 0-0 Qc7 10. Bg5 Ne4 11. Qe3 f5 12. Qe2 h6 13. Bc1 Bd7 14. Nbd2 Rae8 15. a4 a6 16. b4 Nxc3 17. Qe1 Bxb4 18. Ba3 Ne4 19. Bxb4 Nxb4 20. Nxe4 fxe4 21. Bxe4 dxe4 22. Ne5 Nc2 23. Qc1 Rc8 24. Nxd7 Qxd7 25. Ra2 Nxd4 26. Qe3 e5 27. Qxe4 Rf4 28. Qxe5 Qf5 29. Qe3 Re4 30. Qg3 Ne2+ 31. Rxe2 Rxe2 32. Rd1 Rce8 33. h3 Re1+ 34. Rxe1 Rxe1+ 35. Kh2 Qe5 36. f4 Qe3 37. Qg4 Qg1+ 38. Kg3 Re3+ 39. Kh4 Qf2+ 40. Kh5 Qe2 0-1

[Event "GER-ch Net Amateur Gr-B Final"]
[Site "Playchess.com INT"]
[Date "2020.04.18"]
[Round "7"]
[White "Arndt, Olaf"]
[Black "Schernetzki, Bernd"]
[Result "0-1"]
[WhiteElo "1723"]
[BlackElo "1786"]
[PlyCount "66"]
[EventDate "2020.04.18"]
[EventType "swiss (blitz)"]
[EventRounds "13"]
[EventCountry "GER"]
[SourceTitle "CBM 195 Extra"]
[Source "ChessBase"]
[SourceDate "2020.05.31"]
[SourceVersion "1"]
[SourceVersionDate "2020.05.31"]
[SourceQuality "1"]

1. e4 d5 2. exd5 Nf6 3. Nf3 Nxd5 4. d4 Bg4 5. c4 Nf6 6. Be2 c6 7. Nc3 e6 8. 0-0 Bd6 9. Bg5 Nbd7 10. h3 Bh5 11. Re1 0-0 12. Rc1 Rc8 13. Qb3 b6 14. Nd1 Bb8 15. Ne3 Qc7 16. d5 Bxf3 17. Bxf3 Qh2+ 18. Kf1 exd5 19. cxd5 cxd5 20. Rxc8 Rxc8 21. Bh4 Nc5 22. Qc3 Nfe4 23. Qc2 Re8 24. Qd1 Qe5 25. Qc2 h6 26. Ng4 Qf5 27. Ne3 Qf4 28. Nxd5 Qf5 29. Ne3 Qg6 30. Bxe4 Nxe4 31. Qd3 Ng3+ 32. Bxg3 Qxd3+ 33. Kg1 Bxg3 0-1

[Event "WchT Seniors 50"]
[Site "Prague"]
[Date "2020.03.11"]
[Round "6.4"]
[White "Ruzicka, Tomas"]
[Black "Arndt, Olaf"]
[Result "0-1"]
[WhiteElo "1748"]
[BlackElo "1887"]
[PlyCount "74"]
[EventDate "2020.03.06"]
[EventType "team-swiss"]
[EventRounds "7"]
[EventCountry "CZE"]
[SourceTitle "CBM 195 Extra"]
[Source "ChessBase"]
[SourceDate "2020.05.31"]
[SourceVersion "1"]
[SourceVersionDate "2020.05.31"]
[SourceQuality "1"]
[WhiteTeam "Czech Republic 50 XIII"]
[BlackTeam "Germany 50 VI"]
[WhiteTeamCountry "CZE"]
[BlackTeamCountry "GER"]

1. e4 d5 2. e5 c5 3. f4 Nc6 4. Nf3 Nh6 5. Be2 Nf5 6. 0-0 Nfd4 7. c3 Nxe2+ 8. Qxe2 Qb6 9. d3 Bf5 10. b3 c4+ 11. Qf2 Qxf2+ 12. Rxf2 Bxd3 13. Ba3 e6 14. Bxf8 Rxf8 15. Na3 cxb3 16. axb3 Ke7 17. Rd1 Ba6 18. Nd2 b6 19. b4 Bd3 20. Nb3 Bc4 21. Nd2 b5 22. Ndxc4 bxc4 23. Nb5 a5 24. bxa5 Rxa5 25. Nd6 Rb8 26. g3 Ra3 27. Rc1 f6 28. Re1 Rxc3 29. Ree2 fxe5 30. fxe5 Nxe5 31. Nf5+ exf5 32. Rxe5+ Kd6 33. Rexf5 Rd3 34. Rf7 c3 35. Rxg7 Rd2 36. Rf6+ Ke5 37. Rgf7 Rb1+ 0-1

[Event "WchT Seniors 50"]
[Site "Prague"]
[Date "2020.03.10"]
[Round "5.15"]
[White "Arndt, Olaf"]
[Black "Danek, Pavel"]
[Result "1-0"]
[WhiteElo "1887"]
[BlackElo "1882"]
[PlyCount "77"]
[EventDate "2020.03.06"]
[EventType "team-swiss"]
[EventRounds "7"]
[EventCountry "CZE"]
[SourceTitle "CBM 195 Extra"]
[Source "ChessBase"]
[SourceDate "2020.05.31"]
[SourceVersion "1"]
[SourceVersionDate "2020.05.31"]
[SourceQuality "1"]
[WhiteTeam "Germany 50 VI"]
[BlackTeam "Czech Republic 50 IX"]
[WhiteTeamCountry "GER"]
[BlackTeamCountry "CZE"]

1. e4 e6 2. d4 d5 3. Nc3 dxe4 4. Nxe4 Nd7 5. Nf3 Ngf6 6. Nxf6+ Nxf6 7. Bd3 c5 8. dxc5 Bxc5 9. Qe2 0-0 10. 0-0 b6 11. Bg5 Bb7 12. Rad1 Qe7 13. Ne5 Rad8 14. Ng4 Rd5 15. Nxf6+ gxf6 16. Bh6 Kh8 17. Bxf8 Qxf8 18. Qf3 Qh6 19. Be4 Rf5 20. Rd8+ Kg7 21. Qg3+ Rg5 22. Qb8 Qh4 23. Rg8+ Kh6 24. Rxg5 Bxe4 25. Rg3 Bf5 26. Qg8 Bd6 27. Qg7+ Kh5 28. Qxf7+ Kh6 29. Rd1 Bxg3 30. hxg3 Qg5 31. Rd4 Bg4 32. Rf4 f5 33. Qxe6+ Kg7 34. f3 Bh3 35. Kh2 Qd8 36. Kxh3 Qd1 37. Qxf5 Qh1+ 38. Kg4 h5+ 39. Kg5 1-0

[Event "WchT Seniors 50"]
[Site "Prague"]
[Date "2020.03.06"]
[Round "1.22"]
[White "Arndt, Olaf"]
[Black "Mueggenburg, Rolf"]
[Result "1-0"]
[WhiteElo "1887"]
[BlackElo "1666"]
[PlyCount "45"]
[EventDate "2020.03.06"]
[EventType "team-swiss"]
[EventRounds "7"]
[EventCountry "CZE"]
[SourceTitle "CBM 195 Extra"]
[Source "ChessBase"]
[SourceDate "2020.05.31"]
[SourceVersion "1"]
[SourceVersionDate "2020.05.31"]
[SourceQuality "1"]
[WhiteTeam "Germany 50 VI"]
[BlackTeam "Germany 50 XI"]
[WhiteTeamCountry "GER"]
[BlackTeamCountry "GER"]

1. e4 d6 2. d4 c6 3. Nc3 Nf6 4. Nf3 Bg4 5. Be2 g6 6. 0-0 Bg7 7. h3 Bxf3 8. Bxf3 0-0 9. Bf4 h6 10. Qe2 Kh7 11. Rad1 Ng8 12. d5 Bxc3 13. bxc3 Qa5 14. e5 dxe5 15. Qxe5 Qxa2 16. Ra1 Qxc2 17. Be4 Qe2 18. Bxg6+ fxg6 19. Qxe2 Rxf4 20. Qe3 Rf8 21. Rxa7 Rxa7 22. Qxa7 cxd5 23. Qxb7 1-0

[Event "Gelsenkirchen Koenigsspringer op"]
[Site "Gelsenkirchen"]
[Date "2019.12.27"]
[Round "1"]
[White "Arndt, Olaf"]
[Black "Hofmann, Benjamin"]
[Result "1/2-1/2"]
[WhiteElo "1969"]
[BlackElo "1553"]
[PlyCount "98"]
[EventDate "2019.12.27"]
[EventType "swiss"]
[EventRounds "7"]
[EventCountry "GER"]
[SourceTitle "CBM 194 Extra"]
[Source "ChessBase"]
[SourceDate "2020.03.31"]
[SourceVersion "1"]
[SourceVersionDate "2020.03.31"]
[SourceQuality "1"]

1. e4 e5 2. Nf3 Nc6 3. d4 exd4 4. Bc4 d6 5. Nxd4 Ne5 6. Bb3 Nf6 7. Nc3 Be7 8. 0-0 0-0 9. f4 Ng6 10. Qd3 Nd7 11. Nd5 Nc5 12. Qf3 c6 13. Ne3 Bf6 14. Nef5 Bxd4+ 15. Nxd4 Qe7 16. f5 Ne5 17. Qg3 Nxe4 18. f6 Nxf6 19. Bg5 Ng6 20. Rae1 Qd8 21. h4 Kh8 22. Qf2 Ng4 23. Qxf7 Rxf7 24. Bxd8 Rxf1+ 25. Rxf1 Bd7 26. Bg5 h6 27. h5 N6e5 28. Be7 d5 29. c3 Re8 30. Bd6 Nf6 31. Bd1 Nc4 32. Bf4 Ne4 33. Bc1 Ncd2 34. Bxd2 Nxd2 35. Rf7 Re1+ 36. Kh2 Nf1+ 37. Kg1 Ne3+ 38. Kh2 Rxd1 39. Rxd7 Rd2 40. Ne6 Rxg2+ 41. Kh3 Rxb2 42. Nxg7 Rxa2 43. Ne8 Rf2 44. Rxb7 Nd1 45. Rxa7 Nxc3 46. Rc7 Rf8 47. Nd6 d4 48. Rxc6 Nd5 49. Nb5 Nf4+ 1/2-1/2

[Event "Ruhrgebiet Regionalliga 1718"]
[Site "Germany"]
[Date "2018.03.04"]
[Round "7"]
[White "Kindermann, Carsten"]
[Black "Arndt, Olaf"]
[Result "1-0"]
[WhiteElo "1909"]
[BlackElo "1861"]
[PlyCount "87"]
[EventDate "2017.10.01"]
[EventType "team-tourn"]
[EventRounds "9"]
[EventCountry "GER"]
[SourceTitle "EXT 2022"]
[Source "ChessBase"]
[SourceDate "2021.10.06"]
[SourceVersion "1"]
[SourceVersionDate "2021.10.06"]
[SourceQuality "1"]
[WhiteTeam "Borbeck Weisse Dame"]
[BlackTeam "Horst Emscher"]
[WhiteTeamCountry "GER"]
[BlackTeamCountry "GER"]

1. e4 d5 2. exd5 Nf6 3. Bb5+ Bd7 4. Bc4 Bg4 5. f3 Bc8 6. Nc3 Nbd7 7. d4 Nb6 8. Bb3 Nbxd5 9. Nxd5 Nxd5 10. c4 Nf6 11. Bc2 c5 12. Be3 cxd4 13. Qxd4 Qxd4 14. Bxd4 e6 15. 0-0-0 Be7 16. Ba4+ Bd7 17. Bxd7+ Nxd7 18. Ne2 Bf6 19. Kb1 Rc8 20. b3 Ke7 21. Rd2 Rhd8 22. Rhd1 a6 23. Nc3 Bxd4 24. Rxd4 b5 25. Ne4 e5 26. Rd5 bxc4 27. Nd6 Rc7 28. Nxc4 f6 29. Nb6 Rb7 30. Nxd7 Rbxd7 31. Rxd7+ Rxd7 32. Rxd7+ Kxd7 33. Kc2 Kd6 34. Kc3 Kd5 35. b4 f5 36. a4 g5 37. g4 fxg4 38. fxg4 e4 39. b5 axb5 40. axb5 Kc5 41. b6 Kxb6 42. Kd4 e3 43. Kxe3 Kc5 44. Ke4 1-0